LEADER 01184nam a2200253 u 4500 001 000000027873 003 CaOOAMICUS 005 20070226111734.0 008 960224s1970 sp u000 u spa u 035 $a10724263 040 $aIPA$bita$dPUL(R) 100 1 $aGarcía Lescún, Eliseo,$cO.S.A.,$d1934-$0(OLS)http://pul/name/22739 245 13$aLa teología trinitaria de Gregorio de Rímini :$bcontribución a la historia de la escolástica tardía /$cEliseo García Lescún ; prólogo de Michael Schmaus. 260 $aBurgos :$bEdiciones Aldecoa,$c1970. 300 $axx, 248 p. ;$c26 cm 500 $aComprende indice. 504 $aBibliografia: p. xiii-xx. 600 04$aGregorius Ariminensis,$cO.E.S.A.,$dm. 1358.$0(OLS)http://pul/subject/15426 850 $aPUL 852 $aPUL$W1$xDP1 Religione 1$y20$m481 E 1$j38779$nBK-PRI$b $qStampati$B38779$CPULBib$Z2$F38779 $H $81 941 1 $a8 961 $aINV: 37634 996 $6245$aLa teología trinitaria de Gregorio de Rímini :$bcontribución a la historia de la escolástica tardía$9(OLS)http://pul/title/38092 996 $6260$aBurgos :$bEdiciones Aldecoa$9(OLS)http://pul/publisher/59935 LEADER 01962nam a2200373 a 4500 001 000000132235 003 CaOOAMICUS 005 20150922152331.0 008 121218s2005 it u000 u ita r 020 $a88-10-14027-3 040 $aPUL$bita 111 2 $aSettimana sociale dei cattolici d'Italia$n(44 :$d2004 :$cBologna).$0(OLS)http://pul/name/85174 245 13$aLa democrazia: nuovi scenari, nuovi poteri :$batti della 44a Settimana Sociale dei Cattolici Italiani /$ca cura di Franco Garelli e Michele Simone. 246 33$aAtti della 44a Settimana Sociale dei Cattolici Italiani 260 $aBologna :$bEDB,$c2005. 300 $a572 p.$c21 cm 490 1 $aSettimane Sociali dei Cattolici d'Italia ;$v44 504 $aBibliografia in nota. 650 4$aDemocrazia$xAspetti politici economici e sociali.$0(OLS)http://pul/subject/35986 650 4$aDemocrazia$xAspetti religiosi.$0(OLS)http://pul/subject/35766 700 1 $aGarelli, Franco,$d1945-$0(OLS)http://pul/name/7116 700 1 $aSimone, Michele,$cS.I.,$b1943-2014.$0(OLS)http://pul/name/69300 830 0$aSettimane Sociali dei Cattolici d'Italia ;$v44.$0(OLS)http://pul/title/1373 850 $aPUL 852 $aPUL$W1$xDP1 Fondo S. Lanza$y121$m4 A 52$j115726$qFondi$B169567$CPULBib$Z2$F169567 $HLAN780 $82 852 $aPUL$W1$xDP1 Cons. Gen., Altre Classi 1$y22$m44 A 44$j152175$qStampati$B151525$CPULBib$Z2$F151525 $H121267 $82 941 1 $a8 941 1 $a1 961 $aNota ms. di possesso: Sergio Lanza 996 $6020$a88-10-14027-3$9(OLS)http://pul/number/151407 996 $6246$aAtti della 44a Settimana Sociale dei Cattolici Italiani$9(OLS)http://pul/title/167053 996 $6245$aLa democrazia: nuovi scenari, nuovi poteri :$batti della 44a Settimana Sociale dei Cattolici Italiani$9(OLS)http://pul/title/167052 996 $6260$aBologna :$bEDB$9(OLS)http://pul/publisher/56073